|
|
|
|
| LEADER |
00000cam a2200000 7i4500 |
| 001 |
0000002632 |
| 005 |
20030828.0 |
| 090 |
0 |
0 |
|a 631.42
|b MAL 1979
|
| 110 |
1 |
0 |
|a Malaysian Seminar on the Fertility and Management of Deforested Land
|k 1979
|j Kota Kinabalu
|
| 245 |
1 |
4 |
|a The proceedings of the Malaysian Seminar ... and the sixth Meeting on the Standardisation of Soil and Plant Analyses in Malaysia
|c edited by Henry T.L. Liau ... (et al.)
|
| 260 |
0 |
0 |
|a Kota Kinabalu :
|b Society of Agricultural Scientists Sabah ,
|c 1979
|
| 300 |
|
|
|a vii, 267 p. :
|b ill. ;
|c 33 cm.
|
| 500 |
0 |
0 |
|a Includes bibliographies
|
| 650 |
0 |
0 |
|a Clear-cutting
|z Malaysia
|x Congresses
|
| 650 |
0 |
0 |
|a Clearing of land
|z Malaysia
|x Congresses
|
| 650 |
0 |
0 |
|a Soil fertility
|x Congresses
|
| 700 |
0 |
1 |
|a Liau
|h Henry T. L.
|
| 998 |
|
|
|a JPSM
|
| 999 |
|
|
|a 0000004194
|b Monograph
|c Open Shelf
|e Default branch
|